00696nam a22002057a 450000500170000001000150001702000260003203500140005803700090007208200100008110000240009124500620011525000060017726000410018327000490022430000200027394200240029399900190031795201540033620241205170055.0 aENG-142856 c800.00a9789395276009 aEN-126388 bDBAD a230.2 aWilson, H.H.974755 aKumara Sambhavam or the birth of war-god/cby H.H. Wilson a1 aVaranasibPrachya Vidya Bhawanc2023 aB5/25 Oudhgarvi, SonarpurabVaranasie221001 a186p.c23cm(Hb) 2ddccENh230.2mWIL c207446d207446 001040708NFICaCJbCJd2024-12-05eDelivery of Books Act Divisiong800.00l0o230.2 WILpEN-126388r2024-12-05 00:00:00t1v800.00w2024-12-05yEN